000 01853nam a2200289Ia 4500
999 _c43854
_d43854
001 10602
003 GE_BSU
005 20200127120649.0
008 181216s2012||||ge |||||||||||||| ||geo||
020 _a9789941197925
040 _cGE_BSU
041 _ageo
080 _a005.7 თ–29
245 _aთანამედროვე ორგანიზაციების მართვა :
_bჟურნალ "სტრატეგია და ორგანიზაციის" საუკეთესო სტატ. კრებული /
_cავტ. ჯგ.: პაპუნა ტოლიაშვილი, მამია მოცრაძე, დავით წინწკალაძე და სხვ. ; რედ.: იულონ ტოლიაშვილი, ნუკრი მიხანაშვილი ; ილ. მერაბ კოპალეიშვილი.
264 _aთბილისი :
_bპალიტრა L,
_c2012.
300 _a208 გვ.;
_b20 სმ.
490 _aსინერჯი ჯგუფის წიგნები,
_xISSN 2298-0415
520 _aსინერჯი ჯგუფის წიგნები
653 _aორგანიზაციების მართვა
700 _aტოლიაშვილი, პაპუნა
_eავტორი
_96389
700 _aმოცრაძე, მამია
_eავტორი
_96390
700 _a ებრალიძე, ცოტნე
_eავტორი
_96394
700 _aგაბუნია, გიგი და სხვ.
_eავტორი
_96395
700 _aტოლიაშვილი, იულონ
_eრედაქტორი
_96396
700 _a მიხანაშვილი, ნუკრი
_eრედაქტორი
_96397
942 _cBK
_2udc